Reseña de los acontecimientos que a consecuencia de la peregrinación a Pastoriza y entierro civil de Don Federico Tapia y Segade tuvieron lugar en La Coruña desde Agosto hasta Diciembre de 1891 / (Record no. 190171)

MARC details
000 -LEADER
campo de control de longitud fija 00725nam a2200169 i 4500
001 - NÚMERO DE CONTROL
campo de control 190171
003 - IDENTIFICADOR DE NÚMERO DE CONTROL
campo de control ES-MaACL
005 - FECHA Y HORA DE LA ÚLTIMA TRANSACCIÓN
campo de control 20230906223646.0
008 - DATOS DE LONGITUD FIJA--INFORMACIÓN GENERAL
campo de control de longitud fija 200904s1891 sp |||| | spa d
100 1# - ENTRADA PRINCIPAL--NOMBRE DE PERSONA
Nombre de persona Iglesias de Lis y Florez, Federico.
9 (RLIN) 170260
245 10 - MENCIÓN DEL TÍTULO
Título Reseña de los acontecimientos que a consecuencia de la peregrinación a Pastoriza y entierro civil de Don Federico Tapia y Segade tuvieron lugar en La Coruña desde Agosto hasta Diciembre de 1891 /
Mención de responsabilidad, etc. [Federico Iglesias de Lis y Flórez].
260 ## - PUBLICACIÓN, DISTRIBUCIÓN, ETC.
Lugar de publicación, distribución, etc. Coruña :
Nombre del editor, distribuidor, etc. [s.n.],
Fecha de publicación, distribución, etc. 1891 (
Fabricante Imp. de La Marina)
300 ## - DESCRIPCIÓN FÍSICA
Extensión 94 p. ;
Dimensiones 21 cm.
600 14 - PUNTO DE ACCESO ADICIONAL DE MATERIA--NOMBRE DE PERSONA
Nombre de persona Tapia y Segade, Federico.
9 (RLIN) 170261
651 #4 - PUNTO DE ACCESO ADICIONAL DE MATERIA--NOMBRE GEOGRÁFICO
Nombre geográfico La Coruña-
Subdivisión general Historia.
9 (RLIN) 157714
852 ## - LOCALIZACIÓN
Ubicación ES-MaACL
Número de control de estantería T-578-F-4
Holdings
Estatus retirado Estado de pérdida Estado de daño No para préstamo Colección Biblioteca de origen Biblioteca actual Ubicación en estantería Fecha de adquisición Fuente de adquisición Total de préstamos Signatura topográfica completa Código de barras Visto por última vez Precio de reemplazo Tipo de ítem Koha
        Colección de folletos Biblioteca del Ateneo de Madrid Biblioteca del Ateneo de Madrid Depósito folletos 09/05/2005     T-578-F-4 1201922 23/02/2023 23/02/2023 Folleto